| 000 | 00592 a2200169 4500 | ||
|---|---|---|---|
| 003 | NUST | ||
| 038 | _aa | ||
| 082 | _aBICSE-2 | ||
| 100 |
_aNouman Tariq _993098 |
||
| 245 |
_aEnterprise Solution for data Security and File Encryption [Project BICSE2] _cNouman Tariq |
||
| 260 |
_a Isalamabad, _bNUST School of Electrical Engineering & Computer Science, _c2008. |
||
| 300 |
_a36 p. _b: ill. _c; 27 cm. + _eCD-ROM |
||
| 500 | _aSupervisors : Dr. Fauzan Mirza, Dr. Syed Ali Khayam. | ||
| 563 | _aa | ||
| 856 | _uhttp://10.250.8.41:8080/xmlui/handle/123456789/10780 | ||
| 942 |
_cTHE _kBICSE-2 NOU _2ddc |
||
| 999 |
_c9342 _d9342 |
||